Statistics for Countries By Fish Consumption

Click here to take the quiz!

General Stats

  • This quiz has been taken 30 times
  • The average score is 6 of 10

Answer Stats

Kg per capitaAnswer% Correct
45.49Japan
100%
90.71Iceland
81%
54.97South Korea
81%
38.17China
78%
22.36United States
67%
56.84Portugal
52%
42.47Spain
52%
90.41Maldives
30%
24.31Bangladesh
19%
70.75Hong Kong
11%

Score Distribution

Percentile by Number Answered

Percent of People with Each Score

Your Score History

You have not taken this quiz